|
|
|
|
| LEADER |
01118naa a2200241 i 4500 |
| 001 |
acta45874 |
| 005 |
20230608084941.0 |
| 008 |
170621s1978 hu o 1|| hun d |
| 040 |
|
|
|a SZTE Egyetemi Kiadványok Repozitórium
|b hun
|
| 041 |
|
|
|a hun
|
| 100 |
1 |
|
|a Balogh Gábor
|
| 245 |
1 |
0 |
|a Információelméleti módszeren alapuló lényegkiemelési eljárás és klinikai adatbázis redukciója
|h [elektronikus dokumentum] /
|c Balogh Gábor
|
| 260 |
|
|
|c 1978
|
| 300 |
|
|
|a 1-10
|
| 490 |
0 |
|
|a Számítástechnikai és kibernetikai módszerek alkalmazása az orvostudományban és a biológiában
|v 8
|
| 650 |
|
4 |
|a Természettudományok
|
| 650 |
|
4 |
|a Matematika
|
| 650 |
|
4 |
|a Számítás- és információtudomány
|
| 695 |
|
|
|a Matematikai modell, Algoritmus, Információelmélet, Matematikai statisztika
|
| 700 |
0 |
1 |
|a Götl Győző
|e aut
|
| 700 |
0 |
1 |
|a Srajber Benedek
|e aut
|
| 711 |
|
|
|a Számítástechnikai és kibernetikai módszerek alkalmazása az orvostudományban és a biológiában
|c Szeged
|d 1977. december 5-7.
|
| 856 |
4 |
0 |
|u http://acta.bibl.u-szeged.hu/45874/1/szamtech_orvost_koll_008_001-010.pdf
|z Dokumentum-elérés
|